00306 2200133 4500001002100000005001500021035002000036245004500056300000800101260003100109082000800140084001200148990001200160INLIS00000000000239920250528120702 a0010-0525000691 aBertanya Kerbau Pada Pedati /cAA. Navis a135 aJakarta :bGramedia,c2004 a813 a813 BER a0713418